000 00841nam a22001817a 4500
005 20250421122521.0
010 _aHIN-129689
020 _a9788171381579
_c300.00
035 _aHN-102035
037 _bDBAD/PUB
082 _a827
_21
100 _aशर्मा, प्रेमपाल
_980715
245 _aफंडा मैनेजमेंट का /
_cप्रेमपाल शर्मा
260 _aनई दिल्ली
_bसामयिक प्रकाशन
_c2008
270 _aसामयिक प्रकाशन 3320-21, जटवाडा, नेताजी सुभाष मार्ग, दरियागंज,
_bनई दिल्ली
_e110002
_k7065507086
300 _a143पृ.
_b 23सेमी (सजिल्द)
942 _2ddc
_cHN
_h827
_mप्रेमपा
_e1
999 _c211030
_d211030